Normal view
MARC view
Entry Personal Name
001 - CONTROL NUMBER
- control field: 308167
003 - CONTROL NUMBER IDENTIFIER
- control field: DLC
005 - DATE AND TIME OF LATEST TRANSACTION
- control field: 20241218093553.0
008 - FIXED-LENGTH DATA ELEMENTS
- fixed length control field: 941031n| azannabbn |a aaa c
010 ## - LIBRARY OF CONGRESS CONTROL NUMBER
- LC control number: no 94038611
035 ## - SYSTEM CONTROL NUMBER
- System control number: (OCoLC)oca03715533
040 ## - CATALOGING SOURCE
- Original cataloging agency: NmU
- Language of cataloging: eng
- Description conventions: rda
- Transcribing agency: NmU
- Modifying agency: IAhCCS
- Modifying agency: CLU-FT
- Modifying agency: ScU
- Modifying agency: InU
046 ## - SPECIAL CODED DATES
- Birth date: 1962-09-17
- Source of date scheme: edtf
100 1# - HEADING--PERSONAL NAME
- Personal name: Luhrmann, Baz
370 ## - ASSOCIATED PLACE
- Place of birth: Sydney (N.S.W.)
- Source of term: naf
372 ## - FIELD OF ACTIVITY
- Field of activity: Motion pictures--Production and direction
- Field of activity: Motion picture authorship
- Field of activity: Acting
- Field of activity: Opera--Production and direction
- Source of term: lcsh
374 ## - OCCUPATION
- Occupation: Motion picture directors
- Occupation: Motion picture producers
- Occupation: Screenwriters
- Occupation: Actors
- Occupation: Theater directors
- Source of term: lcdgt
374 ## - OCCUPATION
- Occupation: Opera producers and directors
- Source of term: lcsh
375 ## - GENDER
- Gender: male
377 ## - ASSOCIATED LANGUAGE
- Language code: eng
378 ## - FULLER FORM OF PERSONAL NAME
- Fuller form of personal name: Bazmark Anthony
400 1# - SEE FROM TRACING--PERSONAL NAME
- Personal name: Luhrmann, Mark Anthony
670 ## - SOURCE DATA FOUND
- Source citation: Strictly ballroom, 1992: t.p. (Baz Luhrmann)
670 ## - SOURCE DATA FOUND
- Source citation: All-music guide. Aug. 20, 1999
- Information found: (Baz Luhrmann; b. Australia; filmmaker; released spoken-word novelty hit "Everybody's free (to wear sunscreen)" in 1999)
670 ## - SOURCE DATA FOUND
- Source citation: IMDb, May 2, 2002
- Information found: (Baz Luhrmann; birth name, Bazmark Anthony Luhrmann; b. September 17, 1962, New South Wales, Australia)
670 ## - SOURCE DATA FOUND
- Source citation: IMDb, July 24, 2020:
- Information found: (Baz Luhrmann; writer, producer, director)
670 ## - SOURCE DATA FOUND
- Source citation: Wikipedia, Apr. 10, 2024
- Information found: (Baz Luhrmann; born in Sydney, N.S.W., Australia; born Mark Anthony Luhrmann; received the nickname "Baz" at school; in high school, Luhrmann changed his name to Bazmark, joining his nickname and birth name together; Australian film director, producer, writer, actor, opera director)